An incomplete revenge #5 [Large Print] : a Maisie ... Read More
Available copies
- 1 of 1 copy available at LARL/NWRL Consortium.
- 1 of 1 copy available at Northwest Regional Library. (Show preferred library)
Current holds
0 current holds with 1 total copy.
View other formats and editions
Show Only Available Copies
| Location | Call Number / Copy Notes | Barcode | Shelving Location | Status | Due Date |
|---|---|---|---|---|---|
| Thief River Falls Public Library | lp WIN (Text) | 35500004327068 | Main | Available | - |
Record details
- ISBN: 9781602851269 (lib. bdg. : alk. paper)
- ISBN: 1602851263 (lib. bdg. : alk. paper)
- Physical Description: 383 p. (large print) ; 23 cm.
- Edition: Center Point large print ed.
- Publisher: Thorndike, Me. : Center Point Pub., 2008.
Search for related items by subject
| Genre: | Mystery fiction. Large type books. |
Search for related items by series
| LDR | 01352cam a22003494a 4500 | ||
|---|---|---|---|
| 001 | 96550 | ||
| 003 | LARL_NWRL_CONSORTIUM | ||
| 005 | 20080925141522.0 | ||
| 008 | 071217r20082008meu d 000 1 eng | ||
| 020 | . | ‡a9781602851269 (lib. bdg. : alk. paper) | |
| 020 | . | ‡a1602851263 (lib. bdg. : alk. paper) | |
| 035 | . | ‡a(OCoLC)184906236 | |
| 043 | . | ‡ae-uk-en | |
| 082 | 0 | 0. | ‡a823/.92 ‡222 |
| 100 | 1 | . | ‡aWinspear, Jacqueline, ‡d1955- ‡0(LARL_NWRL_CONSORTIUM)133223 |
| 245 | 1 | 3. | ‡aAn incomplete revenge ‡n#5 ‡h[Large Print] : ‡ba Maisie Dobbs novel / ‡cJacqueline Winspear. |
| 250 | . | ‡aCenter Point large print ed. | |
| 260 | . | ‡aThorndike, Me. : ‡bCenter Point Pub., ‡c2008. | |
| 300 | . | ‡a383 p. (large print) ; ‡c23 cm. | |
| 490 | 0 | . | ‡aMaisie Dobbs ; ‡v5 |
| 650 | 0. | ‡aDobbs, Maisie (Fictitious character) ‡vFiction. | |
| 650 | 0. | ‡aWomen private investigators ‡zEngland ‡zLondon ‡vFiction. | |
| 651 | 0. | ‡aGreat Britain ‡xHistory ‡yGeorge V, 1910-1936 ‡vFiction. | |
| 651 | 0. | ‡aKent (England) ‡vFiction. ‡0(LARL_NWRL_CONSORTIUM)168572 | |
| 650 | 0. | ‡aCity and town life ‡vFiction. ‡0(LARL_NWRL_CONSORTIUM)164072 | |
| 655 | 7. | ‡aMystery fiction. ‡2gsafd | |
| 655 | 0. | ‡aLarge type books. | |
| 901 | . | ‡a96550 ‡bOCLC ‡c96550 ‡tbiblio | |

Add to basket
Permalink
Enable Highlighting